January thaw / (Record no. 116647)

MARC details
000 -LEADER
campo de control de longitud fija 00482nam a2200169 4500
001 - NÚMERO DE CONTROL
campo de control 116647
003 - IDENTIFICADOR DE NÚMERO DE CONTROL
campo de control ES-MaACL
005 - FECHA Y HORA DE LA ÚLTIMA TRANSACCIÓN
campo de control 20230906190737.0
007 - CAMPO FIJO DE DESCRIPCIÓN FÍSICA--INFORMACIÓN GENERAL
campo de control de longitud fija t|
008 - DATOS DE LONGITUD FIJA--INFORMACIÓN GENERAL
campo de control de longitud fija 061121s1945 xxu r ||||1| eng d
100 1# - ENTRADA PRINCIPAL--NOMBRE DE PERSONA
Nombre de persona Partridge, Bellamy.
9 (RLIN) 89293
245 10 - MENCIÓN DEL TÍTULO
Título January thaw /
Mención de responsabilidad, etc. by Bellamy Partridge.
250 ## - MENCION DE EDICION
Mención de edición [1st printing].
260 ## - PUBLICACIÓN, DISTRIBUCIÓN, ETC.
Lugar de publicación, distribución, etc. New York [ etc.] :
Nombre del editor, distribuidor, etc. Whittlesey House Mc Craw Book, Co,
Fecha de publicación, distribución, etc. 1945.
300 ## - DESCRIPCIÓN FÍSICA
Extensión 329 p. ;
Dimensiones 21 cm.
852 ## - LOCALIZACIÓN
Ubicación ES-MaACL
Número de control de estantería C-25132
Sublocalización o colección R.53817
Holdings
Estatus retirado Estado de pérdida Estado de daño No para préstamo Biblioteca de origen Biblioteca actual Ubicación en estantería Fecha de adquisición Fuente de adquisición Total de préstamos Signatura topográfica completa Código de barras Visto por última vez Precio de reemplazo Tipo de ítem Koha
        Biblioteca del Ateneo de Madrid Biblioteca del Ateneo de Madrid Depósito 2 17/01/2008     C-25132 1121632 23/02/2023 23/02/2023 Libro impreso